[Event "2023 Welsh Open"]
[Site "Cardiff"]
[Date "2023.04.08"]
[Round "3.1"]
[White "Matejovsky, Ondrej"]
[Black "Guy, David"]
[Result "1-0"]
[WhiteElo "1936"]
[BlackElo "1827"]
[Annotator "Paul,Hatchett"]
[PlyCount "87"]
[EventDate "2023.04.07"]
[EventRounds "7"]
[EventCountry "WLS"]

1. e4 {[%emt 0:00:03]} e5 {[%emt 0:00:26]} 2. Nc3 {[%emt 0:00:18]} Nc6 {[%emt 0:00:25]} 3. Bc4 {[%emt 0:00:12]} Nf6 {[%emt 0:00:40]} 4. d3 {[%emt 0:00:16]} Be7 {[%emt 0:03:06]} 5. Nge2 {[%emt 0:03:18]} Na5 {[%emt 0:01:12]} 6. O-O {[%emt 0:04:01]} Nxc4 {[%emt 0:02:25]} 7. dxc4 {[%emt 0:00:04]} d6 {[%emt 0:00:15]} 8. f3 {[%emt 0:03:15]} O-O {[%emt 0:01:07]} 9. Be3 {[%emt 0:01:17]} Be6 {[%emt 0:03:33]} 10. Nd5 {[%emt 0:02:25]} Nd7 {[%emt 0:07:37]} 11. Nec3 {[%emt 0:05:58]} a6 {[%emt 0:07:23]} 12. Qd2 {[%emt 0:07:22]} b6 {[%emt 0:03:37]} 13. b3 {[%emt 0:07:18]} f5 {[%emt 0:04:11]} 14. Nxe7+ {[%emt 0:07:06]} Qxe7 {[%emt 0:00:22]} 15. exf5 {[%emt 0:09:49]} Bxf5 {[%emt 0:04:42]} 16. Nd5 {[%emt 0:02:52]} Qd8 {[%emt 0:01:37]} 17. Bg5 {[%emt 0:01:54]} Nf6 {[%emt 0:03:04]} 18. f4 {[%emt 0:07:16]} Ne4 {[%emt 0:10:31]} 19. Bxd8 {[%emt 0:15:51]} Nxd2 {[%emt 0:00:43]} 20. Rfd1 {[%emt 0:01:34]} Raxd8 {[%emt 0:12:01]} 21. Rxd2 {[%emt 0:00:33]} Rd7 {[%emt 0:02:20]} 22. fxe5 {[%emt 0:03:55]} dxe5 {[%emt 0:00:21]} 23. Re2 {[%emt 0:01:55]} e4 {[%emt 0:02:56]} 24. Rae1 {[%emt 0:02:32]} b5 {[%emt 0:01:45]} 25. Nc3 {[%emt 0:03:34]} bxc4 {[%emt 0:00:52]} 26. Nxe4 {[%emt 0:00:45]} cxb3 {[%emt 0:02:50]} 27. cxb3 {[%emt 0:01:09]} Bxe4 {[%emt 0:01:21]} 28. Rxe4 {[%emt 0:00:04]} Rd2 {[%emt 0:00:52]} 29. R4e2 {[%emt 0:00:36]} Rfd8 {[%emt 0:00:22]} 30. Kf2 {[%emt 0:00:19]} Rf8+ {[%emt 0:01:13]} 31. Ke3 {[%emt 0:01:27]} Rxe2+ {[%emt 0:01:37]} 32. Rxe2 {[%emt 0:00:11]} Re8+ {[%emt 0:00:10]} 33. Kd2 {[%emt 0:00:07]} Rxe2+ {[%emt 0:00:25]} 34. Kxe2 {[%emt 0:00:02]} Kf7 {[%emt 0:00:20]} 35. Kd3 {[%emt 0:00:03]} Ke6 {[%emt 0:00:17]} 36. Kc4 {[%emt 0:01:53]} Kd6 {[%emt 0:03:18]} 37. a4 {[%emt 0:03:38]} c5 {[%emt 0:00:35]} 38. Kc3 {[%emt 0:02:39]} Kd5 {[%emt 0:02:31]} 39. Kd3 {[%emt 0:00:18]} h5 {[%emt 0:06:24]} 40. h4 {[%emt 0:01:22]} g6 {[%emt 0:00:33]} 41. Kc3 {[%emt 0:06:19]} a5 {[%emt 0:04:27]} 42. Kd3 {[%emt 0:01:37]} Kd6 {[%emt 0:04:27]} 43. Kc4 {[%emt 0:00:47]} Kc6 {[%emt 0:00:10]} 44. g3 {[%emt 0:00:44]} 1-0

[Event "2023 Welsh Open"]
[Site "Cardiff"]
[Date "2023.04.08"]
[Round "3.2"]
[White "Cave, Iwan"]
[Black "Sadiq, Ayodele"]
[Result "1-0"]
[WhiteElo "1711"]
[BlackElo "1903"]
[Annotator "Paul,Hatchett"]
[PlyCount "113"]
[EventDate "2023.04.07"]
[EventRounds "7"]
[EventCountry "WLS"]

1. e4 {[%emt 0:00:02]} e5 {[%emt 0:00:31]} 2. Nf3 {[%emt 0:00:11]} Nc6 {[%emt 0:00:06]} 3. Bb5 {[%emt 0:00:13]} Nf6 {[%emt 0:00:20]} 4. O-O {[%emt 0:00:08]} Nxe4 {[%emt 0:01:00]} 5. Re1 {[%emt 0:00:12]} Nd6 {[%emt 0:00:09]} 6. Bf1 {[%emt 0:00:07]} Be7 {[%emt 0:00:32]} 7. Nc3 {[%emt 0:00:11]} O-O {[%emt 0:01:22]} 8. d4 {[%emt 0:00:07]} exd4 {[%emt 0:01:09]} 9. Nd5 {[%emt 0:00:08]} Bf6 {[%emt 0:00:55]} 10. Bf4 {[%emt 0:09:09]} b6 {[%emt 0:03:19]} 11. Bd3 {[%emt 0:12:10]} g6 {[%emt 0:06:47]} 12. Nxf6+ {[%emt 0:05:37]} Qxf6 {[%emt 0:00:11]} 13. Qd2 {[%emt 0:05:27]} Ne8 {[%emt 0:04:58]} 14. Ne5 {[%emt 0:09:10]} Nxe5 {[%emt 0:07:19]} 15. Bxe5 {[%emt 0:00:09]} Qd8 {[%emt 0:19:20]} 16. Qh6 {[%emt 0:21:23]} c5 {[%emt 0:04:38]} 17. Re4 {[%emt 0:03:45]} d6 {[%emt 0:03:20]} 18. Rh4 {[%emt 0:07:23]} Qxh4 {[%emt 0:00:09]} 19. Qxh4 {[%emt 0:00:06]} dxe5 {[%emt 0:00:07]} 20. Qe4 {[%emt 0:02:21]} Rb8 {[%emt 0:01:55]} 21. Qxe5 {[%emt 0:00:25]} Rb7 {[%emt 0:02:19]} 22. h4 {[%emt 0:01:18]} Ng7 {[%emt 0:00:27]} 23. Re1 {[%emt 0:05:00]} Be6 {[%emt 0:04:26]} 24. Ba6 {[%emt 0:00:42]} Rd7 {[%emt 0:04:25]} 25. Bb5 {[%emt 0:01:15]} Re7 {[%emt 0:00:27]} 26. Qf6 {[%emt 0:00:38]} Rc7 {[%emt 0:00:20]} 27. Qf4 {[%emt 0:00:58]} Rcc8 {[%emt 0:00:09]} 28. Ba6 {[%emt 0:01:09]} Rcd8 {[%emt 0:01:21]} 29. Bb5 {[%emt 0:01:15]} Rc8 {[%emt 0:00:35]} 30. Ba6 {[%emt 0:00:17]} Rcd8 {[%emt 0:00:56]} 31. b3 {[%emt 0:02:54]} Bf5 {[%emt 0:04:10]} 32. Bd3 {[%emt 0:01:34]} Bxd3 {[%emt 0:02:46]} 33. cxd3 {[%emt 0:00:02]} Rfe8 {[%emt 0:00:52]} 34. Rxe8+ {[%emt 0:00:33]} Rxe8 {[%emt 0:00:02]} 35. Qc7 {[%emt 0:02:29]} Re1+ {[%emt 0:02:05]} 36. Kh2 {[%emt 0:00:08]} h5 {[%emt 0:00:09]} 37. Qb8+ {[%emt 0:01:31]} Ne8 {[%emt 0:00:23]} 38. Qxa7 {[%emt 0:00:28]} Re6 {[%emt 0:00:14]} 39. a4 {[%emt 0:00:54]} Nf6 {[%emt 0:00:55]} 40. f3 {[%emt 0:00:26]} Kg7 {[%emt 0:01:38]} 41. a5 {[%emt 0:02:24]} bxa5 {[%emt 0:00:03]} 42. Qxc5 {[%emt 0:00:16]} Ne8 {[%emt 0:00:48]} 43. Qxd4+ {[%emt 0:00:31]} Kh7 {[%emt 0:00:04]} 44. Qd5 {[%emt 0:00:48]} Nd6 {[%emt 0:00:46]} 45. Qxa5 {[%emt 0:00:14]} Nf5 {[%emt 0:00:18]} 46. b4 {[%emt 0:00:58]} Re2 {[%emt 0:01:32]} 47. Qa7 {[%emt 0:01:27]} Re7 {[%emt 0:00:30]} 48. Qc5 {[%emt 0:01:35]} Re2 {[%emt 0:00:18]} 49. b5 {[%emt 0:01:58]} Nxh4 {[%emt 0:01:24]} 50. b6 {[%emt 0:01:12]} Nxf3+ {[%emt 0:00:31]} 51. Kg3 {[%emt 0:00:39]} Ne1 {[%emt 0:00:22]} 52. Qd5 {[%emt 0:00:49]} h4+ {[%emt 0:01:33]} 53. Kxh4 {[%emt 0:02:24]} Nxg2+ {[%emt 0:01:14]} 54. Kg3 {[%emt 0:00:12]} Ne3 {[%emt 0:00:30]} 55. Qxf7+ {[%emt 0:00:15]} Kh6 {[%emt 0:00:10]} 56. Qf8+ {[%emt 0:00:49]} Kg5 {[%emt 0:00:53]} 57. Qf4+ {[%emt 0:00:10]} 1-0

[Event "2023 Welsh Open"]
[Site "Cardiff"]
[Date "2023.04.08"]
[Round "3.3"]
[White "Harris, Calum"]
[Black "Wu, Yuxuan"]
[Result "1/2-1/2"]
[WhiteElo "1828"]
[BlackElo "1577"]
[Annotator "Paul,Hatchett"]
[PlyCount "100"]
[EventDate "2023.04.07"]
[EventRounds "7"]
[EventCountry "WLS"]

1. e4 c5 {[%emt 0:00:05]} 2. Nf3 {[%emt 0:00:04]} e6 {[%emt 0:00:05]} 3. c3 {[%emt 0:00:04]} Nf6 {[%emt 0:01:59]} 4. e5 {[%emt 0:01:10]} Nd5 {[%emt 0:00:33]} 5. Bc4 {[%emt 0:03:30]} Nc6 {[%emt 0:01:47]} 6. O-O {[%emt 0:02:51]} d6 {[%emt 0:03:09]} 7. d4 {[%emt 0:02:48]} dxe5 {[%emt 0:01:58]} 8. dxe5 {[%emt 0:00:58]} Be7 {[%emt 0:01:06]} 9. Nbd2 {[%emt 0:04:39]} Nb6 {[%emt 0:02:20]} 10. Bb3 {[%emt 0:02:30]} Qc7 {[%emt 0:03:59]} 11. Re1 {[%emt 0:01:05]} O-O {[%emt 0:00:55]} 12. Nf1 {[%emt 0:02:24]} Nd7 {[%emt 0:05:16]} 13. Bf4 {[%emt 0:02:28]} Rd8 {[%emt 0:02:01]} 14. Qe2 {[%emt 0:00:49]} Nf8 {[%emt 0:01:12]} 15. h4 {[%emt 0:05:08]} b6 {[%emt 0:02:33]} 16. g4 {[%emt 0:03:08]} Bb7 {[%emt 0:09:39]} 17. Bc2 {[%emt 0:07:57]} Na5 {[%emt 0:04:46]} 18. g5 {[%emt 0:03:50]} b5 {[%emt 0:21:10]} 19. N1h2 {[%emt 0:05:41]} Nc4 {[%emt 0:03:23]} 20. h5 {[%emt 0:02:50]} Nb6 {[%emt 0:04:47]} 21. g6 {[%emt 0:05:15]} hxg6 {[%emt 0:02:18]} 22. hxg6 {[%emt 0:00:42]} Nxg6 {[%emt 0:00:21]} 23. Bxg6 {[%emt 0:01:26]} fxg6 {[%emt 0:00:06]} 24. Ng5 {[%emt 0:03:17]} Bxg5 {[%emt 0:00:34]} 25. Bxg5 {[%emt 0:00:26]} Qc6 {[%emt 0:01:15]} 26. f3 {[%emt 0:00:40]} Rf8 {[%emt 0:01:21]} 27. Rad1 {[%emt 0:04:16]} Nd5 {[%emt 0:01:30]} 28. Qe4 {[%emt 0:03:53]} Rf5 {[%emt 0:02:04]} 29. Bc1 {[%emt 0:07:43]} Raf8 {[%emt 0:01:57]} 30. c4 {[%emt 0:12:06]} bxc4 {[%emt 0:00:33]} 31. Qxc4 {[%emt 0:00:58]} Nb6 {[%emt 0:03:07]} 32. Qg4 {[%emt 0:00:55]} Qe8 {[%emt 0:06:02]} 33. Rd6 {[%emt 0:02:25]} Bd5 {[%emt 0:01:08]} 34. b3 {[%emt 0:05:06]} Nc8 {[%emt 0:03:11]} 35. Ra6 {[%emt 0:00:58]} Qb5 {[%emt 0:02:14]} 36. Ra4 {[%emt 0:02:00]} Qe8 {[%emt 0:02:42]} 37. Ba3 {[%emt 0:00:30]} Bxf3 {[%emt 0:01:01]} 38. Nxf3 {[%emt 0:01:09]} Rxf3 {[%emt 0:00:07]} 39. Bxc5 {[%emt 0:00:24]} R8f5 {[%emt 0:01:07]} 40. Ree4 {[%emt 0:01:39]} Qb5 {[%emt 0:03:41]} 41. Rec4 {[%emt 0:05:39]} Rf1+ {[%emt 0:09:15]} 42. Kg2 {[%emt 0:08:00]} Nb6 {[%emt 0:07:08]} 43. Rab4 {[%emt 0:05:26]} Qd7 {[%emt 0:05:01]} 44. Qd4 {[%emt 0:02:54]} Qb7+ {[%emt 0:02:27]} 45. Qe4 {[%emt 0:00:51]} Qf7 {[%emt 0:01:35]} 46. Bxb6 {[%emt 0:04:32]} Rg5+ {[%emt 0:01:32]} 47. Kh2 {[%emt 0:04:54]} Rf2+ {[%emt 0:03:40]} 48. Kh1 {[%emt 0:00:53]} Rh5+ {[%emt 0:01:08]} 49. Kg1 {[%emt 0:00:31]} Rg5+ {[%emt 0:00:50]} 50. Kh1 {[%emt 0:00:31]} Rh5+ {[%emt 0:01:54]} 1/2-1/2

[Event "2023 Welsh Open"]
[Site "Cardiff"]
[Date "2023.04.08"]
[Round "3.4"]
[White "Macdonald, Duncan"]
[Black "Vlkova, Anezka"]
[Result "1/2-1/2"]
[WhiteElo "1566"]
[BlackElo "1956"]
[Annotator "Paul,Hatchett"]
[PlyCount "83"]
[EventDate "2023.04.07"]
[EventRounds "7"]
[EventCountry "WLS"]

1. c4 {[%emt 0:00:08]} e5 {[%emt 0:00:04]} 2. Nc3 {[%emt 0:01:08]} Nc6 {[%emt 0:00:05]} 3. g3 {[%emt 0:00:36]} g6 {[%emt 0:00:05]} 4. Bg2 {[%emt 0:00:22]} Bg7 {[%emt 0:00:06]} 5. Nf3 {[%emt 0:00:06]} d6 {[%emt 0:00:10]} 6. O-O {[%emt 0:00:32]} Nge7 {[%emt 0:00:14]} 7. e3 {[%emt 0:00:57]} Be6 {[%emt 0:00:13]} 8. b3 {[%emt 0:03:25]} O-O {[%emt 0:00:27]} 9. d4 {[%emt 0:02:20]} exd4 {[%emt 0:02:55]} 10. exd4 {[%emt 0:04:38]} d5 {[%emt 0:00:44]} 11. cxd5 {[%emt 0:03:56]} Nxd5 {[%emt 0:00:19]} 12. Ne2 {[%emt 0:03:45]} Qd7 {[%emt 0:04:50]} 13. Bb2 {[%emt 0:05:53]} Bh3 {[%emt 0:02:36]} 14. Ne5 {[%emt 0:01:25]} Nxe5 {[%emt 0:01:13]} 15. dxe5 {[%emt 0:00:57]} Bxg2 {[%emt 0:00:15]} 16. Kxg2 {[%emt 0:00:14]} Rfe8 {[%emt 0:09:50]} 17. Nf4 {[%emt 0:04:14]} Nb6 {[%emt 0:06:55]} 18. Qxd7 {[%emt 0:00:31]} Nxd7 {[%emt 0:00:05]} 19. Nd5 {[%emt 0:00:17]} Bxe5 {[%emt 0:04:50]} 20. Bxe5 {[%emt 0:00:21]} Rxe5 {[%emt 0:00:06]} 21. Nxc7 {[%emt 0:04:57]} Rc8 {[%emt 0:00:38]} 22. Rac1 {[%emt 0:00:14]} Re2 {[%emt 0:10:34]} 23. Nb5 {[%emt 0:00:33]} Rxc1 {[%emt 0:03:10]} 24. Rxc1 {[%emt 0:00:06]} a6 {[%emt 0:01:56]} 25. Rc7 {[%emt 0:00:36]} Ne5 {[%emt 0:10:32]} 26. Nd6 {[%emt 0:08:39]} Rxa2 {[%emt 0:02:54]} 27. Rxb7 {[%emt 0:00:23]} f5 {[%emt 0:01:34]} 28. Ne8 {[%emt 0:10:34]} Ng4 {[%emt 0:05:24]} 29. h3 {[%emt 0:00:35]} Rxf2+ {[%emt 0:01:52]} 30. Kg1 {[%emt 0:00:52]} Re2 {[%emt 0:00:04]} 31. hxg4 {[%emt 0:00:10]} Rxe8 {[%emt 0:00:19]} 32. gxf5 {[%emt 0:00:07]} gxf5 {[%emt 0:00:22]} 33. Kf2 {[%emt 0:00:05]} Rf8 {[%emt 0:06:35]} 34. Kf3 {[%emt 0:00:08]} Rf7 {[%emt 0:00:24]} 35. Rb6 {[%emt 0:00:02]} Kg7 {[%emt 0:02:32]} 36. Rxa6 {[%emt 0:00:22]} Rb7 {[%emt 0:00:05]} 37. Ra3 {[%emt 0:00:21]} Rb4 {[%emt 0:02:19]} 38. Kg2 {[%emt 0:00:34]} Kg6 {[%emt 0:01:52]} 39. Kh3 {[%emt 0:00:20]} Kg5 {[%emt 0:00:59]} 40. Ra7 {[%emt 0:03:58]} h6 {[%emt 0:02:43]} 41. Ra3 {[%emt 0:01:25]} Kh5 {[%emt 0:05:52]} 42. Ra5 {[%emt 0:00:16]} 1/2-1/2

[Event "2023 Welsh Open"]
[Site "Cardiff"]
[Date "2023.04.08"]
[Round "3.5"]
[White "Yoganand"]
[Black "Westcott, Dale"]
[Result "1-0"]
[WhiteElo "2178"]
[BlackElo "1607"]
[Annotator "Paul,Hatchett"]
[PlyCount "77"]
[EventDate "2023.04.07"]
[EventRounds "7"]
[EventCountry "WLS"]

1. d4 {[%emt 0:03:56]} d5 {[%emt 0:12:48]} 2. e3 {[%emt 0:00:12]} Nf6 {[%emt 0:00:30]} 3. f4 {[%emt 0:00:11]} Bf5 {[%emt 0:01:42]} 4. Nf3 {[%emt 0:00:19]} Nbd7 {[%emt 0:01:25]} 5. Bd3 {[%emt 0:00:16]} Ne4 {[%emt 0:01:39]} 6. O-O {[%emt 0:01:25]} Ndf6 {[%emt 0:01:18]} 7. c4 {[%emt 0:00:52]} e6 {[%emt 0:00:58]} 8. c5 {[%emt 0:00:52]} c6 {[%emt 0:02:01]} 9. Ne5 {[%emt 0:01:58]} Be7 {[%emt 0:01:53]} 10. Na3 {[%emt 0:03:39]} O-O {[%emt 0:03:28]} 11. g4 {[%emt 0:00:36]} Bg6 {[%emt 0:01:13]} 12. g5 {[%emt 0:03:11]} Nd7 {[%emt 0:01:44]} 13. Nxg6 {[%emt 0:00:16]} hxg6 {[%emt 0:00:52]} 14. Bxe4 {[%emt 0:00:29]} dxe4 {[%emt 0:00:26]} 15. Qc2 {[%emt 0:00:04]} f5 {[%emt 0:02:28]} 16. Qb3 {[%emt 0:00:46]} Kf7 {[%emt 0:02:03]} 17. Qxb7 {[%emt 0:01:00]} Bxg5 {[%emt 0:01:49]} 18. fxg5 {[%emt 0:00:24]} Qxg5+ {[%emt 0:00:10]} 19. Kh1 {[%emt 0:00:02]} Rad8 {[%emt 0:04:27]} 20. Qc7 {[%emt 0:01:04]} Qh5 {[%emt 0:01:11]} 21. Qf4 {[%emt 0:01:21]} Nf6 {[%emt 0:01:57]} 22. Nc4 {[%emt 0:01:01]} Rh8 {[%emt 0:03:15]} 23. Ne5+ {[%emt 0:00:23]} Kg8 {[%emt 0:01:55]} 24. Bd2 {[%emt 0:02:17]} g5 {[%emt 0:02:52]} 25. Qg3 {[%emt 0:01:13]} Rb8 {[%emt 0:03:39]} 26. b3 {[%emt 0:01:25]} Rc8 {[%emt 0:02:11]} 27. Rf2 {[%emt 0:01:24]} g6 {[%emt 0:00:59]} 28. Rg1 {[%emt 0:01:02]} g4 {[%emt 0:00:34]} 29. Nc4 {[%emt 0:01:30]} Kg7 {[%emt 0:01:53]} 30. Qe5 {[%emt 0:01:20]} g3 {[%emt 0:01:39]} 31. Rxg3 {[%emt 0:01:15]} Qd1+ {[%emt 0:01:52]} 32. Rg1 {[%emt 0:00:17]} Qh5 {[%emt 0:01:04]} 33. Nd6 {[%emt 0:02:29]} Rcd8 {[%emt 0:00:39]} 34. Nxe4 {[%emt 0:00:16]} Rdf8 {[%emt 0:03:15]} 35. Nxf6 {[%emt 0:01:23]} Rxf6 {[%emt 0:00:07]} 36. Qc7+ {[%emt 0:00:17]} Rf7 {[%emt 0:00:16]} 37. Qxc6 {[%emt 0:00:06]} Qh4 {[%emt 0:00:24]} 38. Rfg2 {[%emt 0:00:38]} Rh6 {[%emt 0:00:19]} 39. Qxe6 {[%emt 0:00:17]} 1-0

[Event "2023 Welsh Open"]
[Site "Cardiff"]
[Date "2023.04.08"]
[Round "3.6"]
[White "Havard, Gwyn"]
[Black "Jakubiak, Krzysztof"]
[Result "1-0"]
[WhiteElo "1889"]
[BlackElo "1585"]
[Annotator "Paul,Hatchett"]
[PlyCount "77"]
[EventDate "2023.04.07"]
[EventRounds "7"]
[EventCountry "WLS"]

1. e4 {[%emt 0:00:03]} e5 {[%emt 0:00:05]} 2. Nf3 {[%emt 0:00:07]} Nc6 {[%emt 0:00:08]} 3. Bc4 {[%emt 0:00:13]} Bc5 {[%emt 0:00:39]} 4. c3 {[%emt 0:00:10]} d6 {[%emt 0:00:18]} 5. d4 {[%emt 0:00:27]} exd4 {[%emt 0:00:08]} 6. cxd4 {[%emt 0:00:09]} Bb6 {[%emt 0:00:11]} 7. Be3 {[%emt 0:01:45]} Nf6 {[%emt 0:02:42]} 8. Nbd2 {[%emt 0:00:22]} Bg4 {[%emt 0:01:18]} 9. Qc2 {[%emt 0:03:59]} h6 {[%emt 0:04:11]} 10. O-O {[%emt 0:01:47]} O-O {[%emt 0:02:25]} 11. a3 {[%emt 0:02:24]} Re8 {[%emt 0:03:20]} 12. d5 {[%emt 0:07:19]} Bxf3 {[%emt 0:03:54]} 13. Nxf3 {[%emt 0:04:42]} Ne5 {[%emt 0:02:54]} 14. Nxe5 {[%emt 0:06:44]} Rxe5 {[%emt 0:00:30]} 15. Bxb6 {[%emt 0:03:23]} axb6 {[%emt 0:00:51]} 16. Rae1 {[%emt 0:02:17]} Qe8 {[%emt 0:06:28]} 17. f3 {[%emt 0:05:17]} c5 {[%emt 0:05:35]} 18. Qb3 {[%emt 0:03:01]} Qd8 {[%emt 0:05:06]} 19. Bd3 {[%emt 0:06:18]} Re7 {[%emt 0:07:53]} 20. f4 {[%emt 0:04:24]} Qe8 {[%emt 0:08:15]} 21. Bb5 {[%emt 0:02:41]} Qb8 {[%emt 0:02:59]} 22. Qf3 {[%emt 0:03:52]} Qc7 {[%emt 0:01:17]} 23. g4 {[%emt 0:09:17]} Nd7 {[%emt 0:01:47]} 24. Bxd7 {[%emt 0:02:29]} Qxd7 {[%emt 0:00:23]} 25. Re3 {[%emt 0:04:08]} f6 {[%emt 0:05:03]} 26. h4 {[%emt 0:02:03]} g5 {[%emt 0:03:42]} 27. fxg5 {[%emt 0:06:02]} fxg5 {[%emt 0:00:12]} 28. hxg5 {[%emt 0:02:47]} Rg7 {[%emt 0:02:37]} 29. Qf5 {[%emt 0:02:51]} Qxf5 {[%emt 0:00:58]} 30. exf5 {[%emt 0:00:02]} Ra4 {[%emt 0:03:10]} 31. g6 {[%emt 0:00:57]} Rxg4+ {[%emt 0:01:01]} 32. Kh2 {[%emt 0:00:22]} Kh8 {[%emt 0:00:41]} 33. Re6 {[%emt 0:05:45]} Rd4 {[%emt 0:00:58]} 34. Rxd6 {[%emt 0:01:56]} Rd2+ {[%emt 0:00:24]} 35. Kh3 {[%emt 0:00:30]} b5 {[%emt 0:02:54]} 36. f6 {[%emt 0:02:10]} Rxg6 {[%emt 0:00:39]} 37. f7 Rxd6 {[%emt 0:02:31]} 38. f8=Q+ {[%emt 0:00:14]} Kh7 {[%emt 0:00:11]} 39. Qxd6 {[%emt 0:00:52]} 1-0

[Event "2023 Welsh Open"]
[Site "Cardiff"]
[Date "2023.04.08"]
[Round "3.7"]
[White "Gibbs, Dominic V"]
[Black "Hurn, Robert Aj"]
[Result "1-0"]
[WhiteElo "1848"]
[BlackElo "1587"]
[Annotator "Paul,Hatchett"]
[PlyCount "109"]
[EventDate "2023.04.07"]
[EventRounds "7"]
[EventCountry "WLS"]

1. e4 {[%emt 0:00:03]} c5 {[%emt 0:00:07]} 2. c3 {[%emt 0:00:17]} Nf6 {[%emt 0:00:05]} 3. e5 {[%emt 0:00:10]} Nd5 {[%emt 0:00:05]} 4. Nf3 {[%emt 0:00:09]} Nc6 {[%emt 0:00:06]} 5. Bc4 {[%emt 0:00:16]} Nb6 {[%emt 0:00:07]} 6. Bb3 {[%emt 0:00:07]} c4 {[%emt 0:00:06]} 7. Bc2 {[%emt 0:00:08]} d6 {[%emt 0:00:18]} 8. exd6 {[%emt 0:00:35]} Qxd6 {[%emt 0:00:08]} 9. b3 {[%emt 0:01:38]} Bg4 {[%emt 0:01:06]} 10. h3 {[%emt 0:02:59]} Bh5 {[%emt 0:00:21]} 11. bxc4 {[%emt 0:01:44]} Nxc4 {[%emt 0:00:45]} 12. d4 {[%emt 0:04:33]} Qe6+ {[%emt 0:02:31]} 13. Qe2 {[%emt 0:00:34]} Qxe2+ {[%emt 0:00:27]} 14. Kxe2 {[%emt 0:00:03]} e6 {[%emt 0:01:00]} 15. Bd3 {[%emt 0:05:46]} Nb6 {[%emt 0:01:30]} 16. a4 {[%emt 0:03:28]} Be7 {[%emt 0:01:28]} 17. a5 {[%emt 0:04:22]} Nd5 {[%emt 0:01:05]} 18. a6 {[%emt 0:00:25]} b6 {[%emt 0:01:58]} 19. Bb5 {[%emt 0:02:40]} Rc8 {[%emt 0:00:38]} 20. Bd2 {[%emt 0:07:54]} O-O {[%emt 0:00:48]} 21. Na3 {[%emt 0:02:48]} Rfd8 {[%emt 0:01:40]} 22. g4 {[%emt 0:04:54]} Bg6 {[%emt 0:00:25]} 23. Bxc6 {[%emt 0:00:35]} Rxc6 {[%emt 0:00:28]} 24. Ne5 {[%emt 0:00:17]} Rcc8 {[%emt 0:00:29]} 25. Nb5 {[%emt 0:01:39]} Ra8 {[%emt 0:05:42]} 26. c4 {[%emt 0:09:52]} Nf6 {[%emt 0:02:09]} 27. h4 {[%emt 0:01:52]} h6 {[%emt 0:02:19]} 28. Nxg6 {[%emt 0:01:28]} fxg6 {[%emt 0:00:15]} 29. f3 {[%emt 0:09:45]} Rd7 {[%emt 0:02:11]} 30. Bf4 {[%emt 0:04:02]} Rc8 {[%emt 0:02:25]} 31. Rac1 {[%emt 0:01:24]} Ne8 {[%emt 0:07:51]} 32. g5 {[%emt 0:01:50]} h5 33. Rc2 {[%emt 0:10:41]} Nd6 {[%emt 0:04:52]} 34. Nxd6 {[%emt 0:00:13]} Bxd6 {[%emt 0:00:07]} 35. Bxd6 {[%emt 0:00:02]} Rxd6 {[%emt 0:02:05]} 36. Ke3 {[%emt 0:04:40]} Kf7 {[%emt 0:00:08]} 37. Rb1 {[%emt 0:01:01]} Rdc6 {[%emt 0:02:37]} 38. Rb4 {[%emt 0:02:57]} Ke7 39. Ke4 {[%emt 0:01:46]} R8c7 {[%emt 0:04:33]} 40. c5 {[%emt 0:00:38]} bxc5 {[%emt 0:02:28]} 41. Rxc5 {[%emt 0:00:15]} Kd6 {[%emt 0:01:18]} 42. Rb7 {[%emt 0:05:11]} Rxc5 {[%emt 0:02:12]} 43. dxc5+ {[%emt 0:00:12]} Rxc5 {[%emt 0:05:17]} 44. Rxa7 {[%emt 0:04:24]} Rc4+ {[%emt 0:02:11]} 45. Ke3 {[%emt 0:00:16]} Rc7 {[%emt 0:00:47]} 46. Rxc7 {[%emt 0:01:04]} Kxc7 {[%emt 0:00:10]} 47. Ke4 {[%emt 0:00:06]} Kb6 {[%emt 0:00:10]} 48. Ke5 {[%emt 0:00:07]} Kxa6 {[%emt 0:00:06]} 49. Kxe6 {[%emt 0:00:07]} Kb6 {[%emt 0:00:18]} 50. Kf7 {[%emt 0:00:08]} Kc6 {[%emt 0:00:06]} 51. Kxg6 {[%emt 0:00:21]} Kd6 {[%emt 0:00:05]} 52. Kxg7 {[%emt 0:00:08]} Ke6 {[%emt 0:00:07]} 53. g6 {[%emt 0:00:15]} Ke7 {[%emt 0:00:33]} 54. Kh7 {[%emt 0:00:11]} Kf8 {[%emt 0:00:08]} 55. g7+ {[%emt 0:00:06]} 1-0

[Event "2023 Welsh Open"]
[Site "Cardiff"]
[Date "2023.04.08"]
[Round "3.8"]
[White "Stuart, Neil"]
[Black "Szakmany, Bence"]
[Result "1/2-1/2"]
[WhiteElo "1746"]
[BlackElo "1561"]
[Annotator "Paul,Hatchett"]
[PlyCount "76"]
[EventDate "2023.04.07"]
[EventRounds "7"]
[EventCountry "WLS"]

1. d4 {[%emt 0:02:10]} Nf6 {[%emt 0:00:08]} 2. Nf3 {[%emt 0:00:19]} d5 {[%emt 0:00:06]} 3. c4 {[%emt 0:00:27]} e6 {[%emt 0:00:06]} 4. Nc3 {[%emt 0:00:56]} Nbd7 {[%emt 0:00:26]} 5. cxd5 {[%emt 0:02:25]} exd5 {[%emt 0:00:44]} 6. Bg5 {[%emt 0:00:32]} h6 {[%emt 0:00:57]} 7. Bh4 {[%emt 0:00:47]} Be7 {[%emt 0:00:07]} 8. e3 {[%emt 0:01:04]} O-O {[%emt 0:00:28]} 9. Bd3 {[%emt 0:00:30]} c5 {[%emt 0:01:53]} 10. O-O {[%emt 0:03:35]} b6 {[%emt 0:06:13]} 11. Qe2 {[%emt 0:08:25]} Bb7 {[%emt 0:02:04]} 12. Rfd1 {[%emt 0:00:34]} Ne4 {[%emt 0:02:25]} 13. Bxe7 {[%emt 0:00:44]} Qxe7 {[%emt 0:01:00]} 14. Rac1 {[%emt 0:03:12]} Rac8 {[%emt 0:11:48]} 15. Bb1 {[%emt 0:12:05]} Ndf6 {[%emt 0:06:33]} 16. h3 {[%emt 0:05:33]} Rfd8 {[%emt 0:06:59]} 17. Bd3 {[%emt 0:14:23]} Rc6 {[%emt 0:14:40]} 18. Ba6 {[%emt 0:02:54]} Nxc3 {[%emt 0:16:11]} 19. Rxc3 {[%emt 0:02:11]} Ne4 {[%emt 0:06:17]} 20. Rcc1 {[%emt 0:01:30]} Bxa6 {[%emt 0:02:21]} 21. Qxa6 {[%emt 0:00:04]} Rdc8 {[%emt 0:01:25]} 22. Qa3 {[%emt 0:04:07]} Qb7 {[%emt 0:02:26]} 23. dxc5 {[%emt 0:09:38]} Rxc5 {[%emt 0:00:14]} 24. Rxc5 {[%emt 0:00:16]} bxc5 {[%emt 0:01:11]} 25. Rc1 {[%emt 0:06:53]} Rb8 {[%emt 0:02:07]} 26. b3 {[%emt 0:01:54]} Rc8 {[%emt 0:03:36]} 27. Qa4 {[%emt 0:01:05]} f6 {[%emt 0:07:26]} 28. Qa5 {[%emt 0:04:18]} Qb6 {[%emt 0:00:42]} 29. Qa4 {[%emt 0:00:38]} Rd8 {[%emt 0:02:00]} 30. Qa3 {[%emt 0:03:00]} Rd7 {[%emt 0:01:25]} 31. Qa4 {[%emt 0:01:03]} Rd8 {[%emt 0:00:12]} 32. Qa3 {[%emt 0:00:11]} a5 {[%emt 0:00:36]} 33. Qa4 {[%emt 0:01:12]} d4 {[%emt 0:01:24]} 34. exd4 {[%emt 0:00:47]} cxd4 {[%emt 0:00:17]} 35. Qc4+ {[%emt 0:00:51]} Kh8 {[%emt 0:00:13]} 36. Qd3 {[%emt 0:05:32]} Nc5 {[%emt 0:01:19]} 37. Qc4 {[%emt 0:01:13]} Ne4 {[%emt 0:00:16]} 38. Qd3 {[%emt 0:00:02]} Nc5 {[%emt 0:00:38] 1} 1/2-1/2

[Event "2023 Welsh Open"]
[Site "Cardiff"]
[Date "2023.04.08"]
[Round "3.9"]
[White "Parri, Deio"]
[Black "Quinn, Peter"]
[Result "1-0"]
[WhiteElo "1597"]
[BlackElo "1684"]
[PlyCount "75"]
[EventDate "2023.04.07"]
[SourceVersionDate "2023.04.15"]

1. d4 Nf6 2. c4 g6 3. Nc3 d5 4. cxd5 Nxd5 5. e4 Nxc3 6. bxc3 Bg7 7. Nf3 c5 8. Bb5+ Bd7 9. Bxd7+ Qxd7 10. O-O cxd4 11. cxd4 O-O 12. Rb1 b6 13. Bb2 Rd8 14. Qb3 e6 15. Rfd1 Na6 16. h3 Nc7 17. Rd3 Qb5 18. Qc2 Rac8 19. Rc3 Rd7 20. Bc1 Qa5 21. Bf4 Bxd4 22. Nxd4 Rxd4 23. Rxc7 Rcd8 24. Rc8 e5 25. Rxd8+ Rxd8 26. Qc7 Re8 27. Qd7 Ra8 28. Bh6 Qxa2 29. Rc1 Qe6 30. Qb7 Rd8 31. Qxa7 Qf6 32. Qb7 g5 33. Rc8 b5 34. Rxd8+ Qxd8 35. Qxb5 f6 36. Qb7 Qd1+ 37. Kh2 Qh5 38. Qg7# 1-0